مكتبة جامعة عجلون الوطنية

فهرس بحث المكتبة

الصلاحيات الممنوحة للهيئة المستقلة للانتخابات في ضوء التعديلات الدستورية" دراسة تحليلية" = The Powers Granted to The Independent Electoral Commission in Light of constitutional Amendments " Analytical Study" / (Record no. 33573)

MARC details
000 -LEADER
fixed length control field 01140nam a22002057a 4500
003 - CONTROL NUMBER IDENTIFIER
control field JO-AjAnu
005 - DATE AND TIME OF LATEST TRANSACTION
control field 20240708090916.0
008 - FIXED-LENGTH DATA ELEMENTS--GENERAL INFORMATION
fixed length control field 240708b jo ||||| |||| 00| 0 ara d
040 ## - CATALOGING SOURCE
Original cataloging agency JO-AjAnu
Language of cataloging ara
Transcribing agency JO-AjAnu
Description conventions rda
041 ## - LANGUAGE CODE
Language code of text/sound track or separate title ara
Language code of original ara
050 ## - LIBRARY OF CONGRESS CALL NUMBER
Classification number KMM250.6
Item number 2024
100 #1 - MAIN ENTRY--PERSONAL NAME
Personal name الصمادي، امير طارق محمد
Relator term معد
9 (RLIN) 66042
245 #0 - TITLE STATEMENT
Title الصلاحيات الممنوحة للهيئة المستقلة للانتخابات في ضوء التعديلات الدستورية" دراسة تحليلية" = The Powers Granted to The Independent Electoral Commission in Light of constitutional Amendments " Analytical Study" /
Statement of responsibility, etc. اعداد امير طارق محمد الصمادي؛ اشراف هاشم احمد بلص
260 ## - PUBLICATION, DISTRIBUTION, ETC.
Date of publication, distribution, etc. 2024
300 ## - PHYSICAL DESCRIPTION
Extent 76 ورقة
500 ## - GENERAL NOTE
General note رسالة جامعية ( رسالة ماجستير في القانون) جامعة عجلون الوطنية(عجلون، الاردن)، كلية الحقوق،2024.
650 70 - SUBJECT ADDED ENTRY--TOPICAL TERM
Topical term or geographic name entry element الانتخابات- قوانين وتشريعات - الاردن
9 (RLIN) 66043
700 #1 - ADDED ENTRY--PERSONAL NAME
Personal name بلص، هاشم احمد
Relator term مشرف
9 (RLIN) 66044
942 ## - ADDED ENTRY ELEMENTS (KOHA)
Source of classification or shelving scheme Library of Congress Classification
Koha item type Thesis
Suppress in OPAC No
Holdings
Withdrawn status Lost status Source of classification or shelving scheme Damaged status Not for loan Home library Current library Date acquired Total Checkouts Full call number Barcode Date last seen Price effective from Koha item type
    Library of Congress Classification     مكتبة جامعة عجلون الوطنية مكتبة جامعة عجلون الوطنية 08/07/2024   KMM250.6 2024 a29901 08/07/2024 08/07/2024 Thesis
    Library of Congress Classification     مكتبة جامعة عجلون الوطنية مكتبة جامعة عجلون الوطنية 08/07/2024   KMM250.6 2024 a29900 08/07/2024 08/07/2024 Thesis